01631nam a2200385 a 4500001001000000003000500010005001700015008004100032010001100073011001100084040000900095090001000104100003700114245015200151260004100303500006000344502010500404504002700509590003700536590004000573590004000613590004000653650003600693650004400729650003500773650003300808856001600841856007000857901000700927942001000934942000600944999001900950952014000969952013601109000111440CHAP20220329144211.0150413s2015 mx a fsm |||||||spa d a107902 a108874 cCHAP aTesis1 aBonilla López, Armando912931113aLa milpa de ladera en Cuetzalan Puebla, un Sistema Importante del Patrimonio Agrícola Mundial (SIPAM)h[En línea]cpor Armando Bonilla López. aChapingo, Méx. :bEl autor,c2015. aPara ver el contenido del material haga clic en la liga aTesis (M. C. en Desarrollo rural Regional) -- UACH. Dirección de Centros Regionales Universitarios aIncluye bibliografía aBATCHb00c20181121lUCH01h0759 aE5995AHEb05c20150413lUCH01h0939 aE5995AHEb05c20150413lUCH01h0939 aE5995AHEb05c20150413lUCH01h101414aCooperativismozPuebla.912931214aDesarrollo sustentablezPuebla.912586114aSeguridad alimentaria.910367314aSistemas de cultivo.9106746 a1 n0000997 aFinding aiduhttp://10.13.5.2/tesis/sist111440.pdfzTeclea aquí aBK cTESIS n0 c107902d107902 00102local4053708TESISaBCbBCcPA_TESISd2015-04-13fTESISl0oTesisp33724002481462r2019-12-31 00:00:00tc.2w2019-12-31yTESIS 00104054718TESISaBCbBCd2015-04-13fTESISl0oTesisp33724002481504r2019-12-31 00:00:00w2019-12-31yTESISzRecien adquirido